• 首页
  • 本馆介绍
  • 公告通知
  • 最新文献
  • 馆藏检索
  • 电子资源
  • 读者导购
  • 参考咨询
  • 我的图书馆
  • 登录
  • 详细信息显示
  • 放入我的书架
  • 预约/预借图书
  • 作者相关作品
  • 分类相关作品
  • 丛书相关作品
  • 出版社相关作品

书目信息

  • 表格格式
  • 工作单格式
  • 卡片格式
题名:
零基础学会快速取穴
    
 
作者: 陈飞松 , 温玉波 主编
分册:  
出版信息: 南京   江苏凤凰科学技术出版社  2019.06
页数: 191页
开本: 23cm
丛书名: 含章新实用
单 册:
中图分类: R224.2
科图分类:
主题词: 选穴--xuan xue
电子资源:
ISBN: 978-7-5713-0214-6
000 01088nam 2200277 450
001 CAL 0120192822882
005 20230217093113.0
010    @a978-7-5713-0214-6@dCNY45.00
100    @a20190805d2019 em y0chiy0120 ea
101 0  @achi
102    @aCN@b320000
105    @aa z 000yy
106    @ar
200 1  @a零基础学会快速取穴@Aling ji chu xue hui kuai su qu xue@f陈飞松, 温玉波主编
210    @a南京@c江苏凤凰科学技术出版社@d2019.06
215    @a191页@c彩图@d23cm
225 2  @a含章新实用@Ahan zhang xin shi yong
314    @a陈飞松, 中国中医科学研究员。温玉波, 贵州省兴仁县中医院院长等职。
330    @a本书根据人体十四经络和经外奇穴的顺序, 详细讲解了人体常用穴位的快速取穴方法。每个穴位定位根据权威教材编制而成, 集科学性、实用性于一体, 且穴位都配有真人彩图演示, 还介绍了穴位的主治病症及常见配伍疗法, 让读者方便、快捷地学习和运用。
410  0 @12001 @a含章新实用
606 0  @a选穴@Axuan xue
690    @aR224.2@v5
701  0 @a陈飞松@Achen fei song@4主编
701  0 @a温玉波@Awen yu bo@4主编
801  0 @aCN@bBJXHZP@c20230228
905    @b1385847-50@dR224.2@e645@f4
    
    零基础学会快速取穴/陈飞松, 温玉波主编.-南京:江苏凤凰科学技术出版社,2019.06
    191页:彩图;23cm.-(含章新实用)
    
    
    ISBN 978-7-5713-0214-6:CNY45.00
    本书根据人体十四经络和经外奇穴的顺序, 详细讲解了人体常用穴位的快速取穴方法。每个穴位定位根据权威教材编制而成, 集科学性、实用性于一体, 且穴位都配有真人彩图演示, 还介绍了穴位的主治病症及常见配伍疗法, 让读者方便、快捷地学习和运用。
●
相关链接 在E读中查询图书 在五车中查询图书 在当当中查询图书 在豆瓣中查询图书


正题名:零基础学会快速取穴     索取号:R224.2/645         预约/预借

序号 登录号 条形码 馆藏地/架位号 状态 备注
1 1385847   213858477   第二样本阅览室/ [索取号:R224.2/645] 在馆    
2 1385848   213858486   第三借阅区/ [索取号:R224.2/645] 在馆    
3 1385849   213858495   第三借阅区/ [索取号:R224.2/645] 在馆    
4 1385850   213858501   第三借阅区/ [索取号:R224.2/645] 在馆    
唐山师范学院图书馆 欢迎您!
大连网信软件有限公司© 版权所有